| 000 | 00451nam a2200181Ia 4500 | ||
|---|---|---|---|
| 001 | 20119 | ||
| 005 | 20260306172743.0 | ||
| 008 | 260306t1975||||xx |||||||||||||| ||spa|| | ||
| 041 | _aESP | ||
| 082 |
_a342.25 _bV76 |
||
| 100 |
_aVitoria, Francisco de _eAUT |
||
| 245 | 0 | _aRelecciones sobre los indios y el derecho de guerra | |
| 260 | _c1975 | ||
| 300 |
_a147 páginas : _c17 cm. |
||
| 650 | _aGEN | ||
| 654 | _aCDE | ||
| 942 |
_cLIB _dJUS _fJUS _2ddc _n |
||
| 999 |
_c20119 _d20119 |
||